| 000 | 00958nam a22002057a 4500 | ||
|---|---|---|---|
| 999 |
_c1216 _d1216 |
||
| 005 | 20221130093508.0 | ||
| 008 | 221130b ||||| |||| 00| 0 eng d | ||
| 020 | _a9781382005319 | ||
| 040 | _cKH8 | ||
| 082 | _a540 LIS | ||
| 100 |
_aLister Ted _eauthor |
||
| 245 |
_aCambridge International AS & A level complete chemistry/ _cTed Lister, Janet Renshaw |
||
| 250 | _a3rd. ed. | ||
| 260 |
_aOxford: _bOxford University Press, _c2020. |
||
| 300 |
_a466 p. ; _bcol. ill. ; tab. : _c28 cm. |
||
| 500 | _aEnsure students achieve top exam marks, and can confidently progress, with a stretching yet accessible approach from Cambridge examiners. With full syllabus match, extensive practice and exam guidance this new edition embeds an advanced understanding of scientific concepts and develops advanced scientific skills for strong assessment potential. | ||
| 650 | _aChemistry Examinations Study guides | ||
| 700 |
_aRenshaw, Janet _eauthor |
||
| 942 |
_2ddc _cTR |
||